|
|
|
|
| LEADER |
01236cam a2200289 7i4500 |
| 001 |
0000020963 |
| 005 |
20181030090000.0 |
| 008 |
080307 eng |
| 020 |
|
|
|a 9781401840662 (pbk.)
|
| 020 |
|
|
|a 1401840663 (pbk.)
|
| 090 |
0 |
0 |
|a QA76.76.C672
|b G36 2005
|
| 100 |
1 |
|
|a Gantzler, Todd
|
| 245 |
1 |
0 |
|a Game development essentials :
|b video game art
|c Todd Gantzler.
|
| 260 |
|
|
|a Australia:
|b Thomson/Delmar Learning,
|c 2005.
|
| 300 |
|
|
|a xvi, 328 p.:
|b col. ill.;
|c 26 cm..
|
| 500 |
|
|
|a Includes index
|
| 501 |
|
|
|a With DVD : Game development essentials : vidoe game art
|
| 650 |
0 |
0 |
|a Computer games --
|x Programming
|
| 650 |
0 |
0 |
|a Computer graphics
|
| 650 |
0 |
0 |
|a Vidoe games --
|x Design
|
| 997 |
|
|
|a Communication, Visual Art & Computing, Faculty
|b Visual Art, Department
|
| 999 |
|
|
|a 0000030251
|b BOK
|c OPEN SHELF
|e 2nd Floor, Bestari Jaya
|
| 999 |
|
|
|a 0000030252
|b BOK
|c OPEN SHELF
|e 2nd Floor, Bestari Jaya
|
| 999 |
|
|
|a 0000030253
|b BOK
|c OPEN SHELF
|e 2nd Floor, Bestari Jaya
|
| 999 |
|
|
|a DVD0000017
|b DVD-ROM
|c OPEN SHELF
|e Circulation Counter, Shah Alam
|
| 999 |
|
|
|a DVD0000018
|b DVD-ROM
|c OPEN SHELF
|e Circulation Counter, Shah Alam
|
| 999 |
|
|
|a DVD0000019
|b DVD-ROM
|c OPEN SHELF
|e Circulation Counter, Bestari Jaya
|